Novela zákona o slobodnom prístupe k informáciám v praxi samospráv
Medzi povinnosti územnej samosprávy, ako aj subjektov v jej zriaďovateľskej a zakladateľskej pôsobnosti patrí aj dodržiavanie tzv. infozákona. Tento právny predpis prešiel v poslednom období viacerými novelami s priamym dopadom na činnosť obcí a miest. Príspevok sumarizuje prvé praktické skúsenosti...
Salvato in:
| Autore principale: | |
|---|---|
| Natura: | Capitolo di libro |
| Lingua: | slovacco |
| Soggetti: | |
| Tags: |
Nessun Tag, puoi essere il primo ad aggiungerne!!
|
MARC
| LEADER | 00000naa a2200000 4500 | ||
|---|---|---|---|
| 001 | 0296492 | ||
| 005 | 20240417075249.4 | ||
| 041 | 0 | |a slo | |
| 044 | |a SK | ||
| 245 | 1 | 0 | |a Novela zákona o slobodnom prístupe k informáciám v praxi samospráv |c Vladimír Pirošík |
| 520 | |a Medzi povinnosti územnej samosprávy, ako aj subjektov v jej zriaďovateľskej a zakladateľskej pôsobnosti patrí aj dodržiavanie tzv. infozákona. Tento právny predpis prešiel v poslednom období viacerými novelami s priamym dopadom na činnosť obcí a miest. Príspevok sumarizuje prvé praktické skúsenosti s najdôležitejšou novelou infozákona zákonom č. 428/2022 Z. z., ktorá nadobudla účinnosť 1. januára 2023. | ||
| 610 | 2 | 0 | |a legislatíva |
| 610 | 2 | 0 | |a novelizácia |
| 610 | 2 | 0 | |a informácie |
| 610 | 2 | 0 | |a sloboda informácií |
| 610 | 2 | 0 | |a zmluvy |
| 610 | 2 | 0 | |a samospráva |
| 100 | 1 | |a Pirošík, Vladimír | |